Fórmulas y secretos de taller para el trabajo de la madera del mueble / (Record no. 107545)

MARC details
000 -LEADER
campo de control de longitud fija 00539nam a2200169 4500
001 - NÚMERO DE CONTROL
campo de control 107545
003 - IDENTIFICADOR DE NÚMERO DE CONTROL
campo de control ES-MaACL
005 - FECHA Y HORA DE LA ÚLTIMA TRANSACCIÓN
campo de control 20230906184437.0
007 - CAMPO FIJO DE DESCRIPCIÓN FÍSICA--INFORMACIÓN GENERAL
campo de control de longitud fija t|
008 - DATOS DE LONGITUD FIJA--INFORMACIÓN GENERAL
campo de control de longitud fija 061121s1956 ag r ||||1| spa d
100 1# - ENTRADA PRINCIPAL--NOMBRE DE PERSONA
Nombre de persona Moreau, Charles.
9 (RLIN) 83203
245 10 - MENCIÓN DEL TÍTULO
Título Fórmulas y secretos de taller para el trabajo de la madera del mueble /
Mención de responsabilidad, etc. Charles Moreau; prefacio de Guillaume Janneau.
260 ## - PUBLICACIÓN, DISTRIBUCIÓN, ETC.
Lugar de publicación, distribución, etc. Buenos Aires :
Nombre del editor, distribuidor, etc. G.Gili,
Fecha de publicación, distribución, etc. 1956.
300 ## - DESCRIPCIÓN FÍSICA
Extensión 309 p. ;
Dimensiones 23.
700 1# - ENTRADA AGREGADA--NOMBRE PERSONAL
Nombre de persona Janneau, Guillaume.
9 (RLIN) 66036
852 ## - LOCALIZACIÓN
Ubicación ES-MaACL
Número de control de estantería C-12931
Sublocalización o colección R.41210
Holdings
Estatus retirado Estado de pérdida Estado de daño No para préstamo Biblioteca de origen Biblioteca actual Ubicación en estantería Fecha de adquisición Fuente de adquisición Total de préstamos Signatura topográfica completa Código de barras Visto por última vez Precio de reemplazo Tipo de ítem Koha
        Biblioteca del Ateneo de Madrid Biblioteca del Ateneo de Madrid Sala Palomar 17/01/2008     C-12931 1112238 23/02/2023 23/02/2023 Libro impreso